The Sogdian texts of Paris

Elmentve itt :
Bibliográfiai részletek
Szerző: Henning Walter Bruno
Dokumentumtípus: Cikk
Megjelent: 1946
Sorozat:Bulletin of the School of Oriental and African Studies
Kulcsszavak:Szogd nyelvemlék, Nemzeti könyvtár - Párizs - kéziratgyűjtemény
Tárgyszavak:
Online Access:http://misc.bibl.u-szeged.hu/65664
LEADER 00849nab a2200241 i 4500
001 misc65664
005 20241015081536.0
008 220414s1946 hu o 000 eng d
040 |a SZTE Miscellanea Repozitórium  |b hun 
041 |a eng 
041 |a per 
100 1 |a Henning Walter Bruno 
245 1 4 |a The Sogdian texts of Paris  |h [elektronikus dokumentum] /  |c  Henning Walter Bruno 
260 |c 1946 
300 |a 713-740  |c 25 cm 
490 0 |a Bulletin of the School of Oriental and African Studies 
561 |a Németh Gyula hagyaték 
591 |a NOP 2296 
650 4 |a Bölcsészettudományok 
650 4 |a Történettudomány és régészet 
650 4 |a Nyelvek és irodalom 
695 |a Szogd nyelvemlék, Nemzeti könyvtár - Párizs - kéziratgyűjtemény 
856 4 0 |u http://misc.bibl.u-szeged.hu/65664/1/2296_nop_h60.pdf  |z Dokumentum-elérés